000 00508nam a2200157 a 4500
001 000041841
005 20201002035803.0
008 131018s1958 xxua 001 0 eng d
040 _aDO-SdBNP
_bspa
_cBNPHU
082 _axxxxx
_bxxxxx
100 1 _aD. Curtis, Francis
_968721
245 1 0 _aScience in daily life /
_cFrancis D. Curtis, George Greisen Mallinson.
260 _aBoston, New York :
_bGinn and company,
_c1958.
300 _axii, 580 p. :
_bil. ;
_c24 cm.
700 1 _aGreisen Mallinson, George
_968722
999 _c41330
_d41330